YouTuber 3x3 single PBs - Statistics

General Stats
  • This quiz has been taken 5 times
  • The average score is 4 of 10
Answer Stats
Hint Answer % Correct
5.88 s, Belgium CubeHead
100%
5.31 s, Canada J Perm
75%
4.75 s, USA LaZer0MonKey
50%
9.96 s, Australia Tingman
50%
6.35 s, USA Cube Master
25%
8.24 s, USA Cubing Encoded
25%
12.66, Australia Olor
25%
6.94 s, USA Soup Timmy
25%
47.25, Australia Tingboy
25%
9.11 s, USA Z3Cubing
25%
No matching quizzes found
Score Distribution
Percent of People with Each Score
Percentile by Number Answered
Your Score History
You have not taken this quiz